| 000 | 00430pab a2200169 454500 | ||
|---|---|---|---|
| 008 | 180718b2012 xxu||||| |||| 00| 0 eng d | ||
| 100 | _aKrishnaswamy, R. | ||
| 245 | _aPatterns of consumer expenditure in India: Some revelations | ||
| 260 | _c2012 | ||
| 300 | _ap.80-83. | ||
| 362 | _a8 Sep | ||
| 650 | _aConsumers - India | ||
| 650 | _aConsumers | ||
| 773 | _aEconomic and Political Weekly | ||
| 908 | _aN | ||
| 909 | _a97909 | ||
| 999 |
_c97908 _d97908 |
||